100 Horror Movies - Statistics

General Stats
  • This quiz has been taken 457 times
  • The average score is 44 of 100
Answer Stats
Actor Year Movie % Correct
Jamie Lee Curtis 1978 Halloween
91%
Jack Nicholson 1980 The Shining
91%
Sigourney Weaver 1979 Alien
88%
Neve Campbell 1996 Scream
83%
Robert Enlgund 1984 A Nightmare on Elm Street
81%
Linda Blair 1973 The Exorcist
80%
Bill Skarsgard 2017 IT
78%
Anthony Perkins 1960 Psycho
75%
Jodie Foster 1991 The Silence of the Lambs
75%
Kurt Russell 1982 The Thing
72%
Betsy Palmer 1980 Friday the 13th
70%
Roy Scheider 1975 Jaws
66%
Daniel Kaluuya 2017 Get Out
65%
Sigourney Weaver 1986 Aliens
64%
Sissy Spacek 1976 Carrie
63%
Naomi Watts 2002 The Ring
63%
Bela Lugosi 1931 Dracula
62%
Jeff Goldblum 1986 The Fly
62%
Cary Elwes 2004 Saw
61%
Patrick Wilson 2013 The Conjuring
61%
Marilyn Burns 1974 The Texas Chain Saw Massacre
61%
Kathy Bates 1990 Misery
60%
Bruce Campbell 1981 The Evil Dead
60%
Mia Farrow 1968 Rosemary's Baby
59%
Haley Joel Osment 1999 The Sixth Sense
58%
Lupita Nyong'o 2019 Us
56%
Arnold Schwarzenegger 1987 Predator
54%
Tippi Hedren 1963 The Birds
54%
Cillian Murphy 2002 28 Days Later
53%
Toni Collette 2018 Hereditary
53%
Jennifer Love Hewitt 1997 I Know What You Did Last Summer
53%
Megan Fox 2009 Jennifer's Body
53%
Simon Pegg 2004 Shaun of the Dead
52%
Chris Hemsworth 2011 The Cabin in the Woods
52%
Brad Dourif 1988 Child's Play
51%
Florence Pugh 2019 MIdsommar
51%
Max Schreck 1922 Nosferatu
51%
Gregory Peck 1976 The Omen
51%
John Krasinski 2018 A Quiet Place
50%
Tony Todd 1992 Candyman
50%
Heather Donahue 1999 The Blair Witch Project
50%
Morgan Freeman 1995 Se7en
49%
JoBeth Williams 1982 Poltergeist
48%
Natalie Portman 2010 Black Swan
46%
Duane Jones 1968 Night of the Living Dead
46%
Anya Taylor-Joy 2015 The Witch
46%
Rose Byrne 2010 Insidious
45%
Daniel Kaluuya 2022 Nope
45%
Ethan Hawke 2012 Sinister
45%
Devon Sawa 2000 Final Destination
44%
David Emge 1978 Dawn of the Dead
43%
Elisabeth Moss 2020 The Invisible Man
43%
Annabelle Wallis 2014 Annabelle
42%
Doug Bradley 1987 Hellraiser
41%
Bruce Campbell 1992 Army of Darkness
40%
David Naughton 1981 An American Werewolf in London
38%
Donald Sutherland 1978 Invasion of the Body Snatchers
37%
Maika Monroe 2014 It Follows
37%
Fay Wray 1933 King Kong
37%
Justin Long 2001 Jeepers Creepers
36%
Katie Featherston 2007 Paranormal Activity
35%
Boris Karloff 1935 The Bride of Frankenstein
35%
Jessica Harper 1977 Suspiria
34%
Olivia Hussey 1974 Black Christmas
33%
Zach Galligan 1984 Gremlins
33%
Adrienne Barbeau 1980 The Fog
33%
James Brolin 1979 The Amityville Horror
32%
Linda Hamilton 1984 Children of the Corn
31%
Danny Pintauro 1983 Cujo
30%
Sheri Moon Zombie 2003 House of 1000 Corpses
30%
Megumi Okina 2002 Ju-on: The Grudge
30%
Liv Tyler 2008 The Strangers
30%
Thomas Jane 2007 The Mist
29%
Takashi Shimura 1954 Godzilla
28%
Jay Hernandez 2005 Hostel
28%
Sosie Bacon 2022 Smile
28%
Ryo Ishibashi 1999 Audition
27%
Keith Gordon 1983 Christine
27%
Jeffrey Combs 1985 Re-Animator
26%
Essie Davis 2014 The Babadook
26%
Donald Sutherland 1973 Don't Look Now
25%
Goo Yoo 2016 Train to Busan
25%
Dale Midkiff 1989 Pet Sematary
24%
Manuela Velasco 2007 [REC]
24%
Shauna Macdonald 2005 The Descent
24%
Julie Harris 1963 The Haunting
24%
Edward Woodward 1973 The Wicker Man
24%
Felissa Rose 1983 Sleepaway Camp
22%
Kare Hedebrant 2008 Let the Right One In
20%
Bruce Campbell 1987 Evil Dead II
19%
Sharni Vinson 2011 You're Next
18%
Georgina Campbell 2022 Barbarian
17%
George C. Scott 1990 The Exorcist III
17%
Carol Kane 1979 When a Stranger Calls
17%
Hal Holbrook 1982 Creepshow
16%
Brian Cox 2016 The Autopsy of Jane Doe
14%
Paul Kelman 1981 My Bloody Valentine
12%
Garance Marillier 2016 Raw
11%
David Caruso 2001 Session 9
11%
Lukas Schwarz 2014 Goodnight Mommy
9%
No matching quizzes found
Score Distribution
Percent of People with Each Score
Percentile by Number Answered
Your Score History
You have not taken this quiz